| 000 | 00515nam a2200145 4500 | ||
|---|---|---|---|
| 008 | 240117b |||||||| |||| 00| 0 eng d | ||
| 082 |
_a303.6 _bCEN |
||
| 110 | _aCentre for policy alternatives | ||
| 245 | _aAttacks on places of religious worship in post-war Sri Lanka | ||
| 260 |
_aColombo: _bCentre for policy alternatives, _c2013 |
||
| 300 | _a100 p. | ||
| 650 | _aETHNIC VIOLENCE-Sri Lanka | ||
| 856 | _uhttps://sangam.org/wp-content/uploads/2013/03/Attacks-on-Religious-Places-CPA-March-2013.pdf | ||
| 942 | _cRP | ||
| 999 |
_c4638 _d4638 |
||